[Event "Zehlendorf op"]
[Site "Berlin"]
[Date "2007.11.02"]
[Round "3"]
[White "Budt, Matthias"]
[Black "Schildt, Rene"]
[Result "1-0"]
[WhiteElo "2093"]
[BlackElo "1895"]
[PlyCount "123"]
[EventDate "2007.10.11"]
[EventType "swiss"]
[EventRounds "7"]
[EventCountry "GER"]
[SourceTitle "EXT 2010"]
[Source "ChessBase"]
[SourceDate "2010.11.25"]
[SourceVersion "1"]
[SourceVersionDate "2010.11.25"]
[SourceQuality "1"]

1. d4 d5 2. c4 e6 3. Nc3 Nf6 4. Bg5 Be7 5. cxd5 exd5 6. e3 c6 7. Bd3 h6 8. Bf4 Nbd7 9. h3 Nf8 10. Qc2 Ne6 11. Be5 Bd6 12. Nf3 Bxe5 13. Nxe5 Nd7 14. Nf3 Qe7 15. 0-0-0 b5 16. Kb1 b4 17. Na4 b3 18. Qxb3 Rb8 19. Qc3 0-0 20. Rc1 Bb7 21. Nc5 Nexc5 22. dxc5 Ra8 23. Ka1 a5 24. g4 a4 25. h4 a3 26. b3 Ba6 27. Bxa6 Rxa6 28. h5 Qf6 29. Qxf6 Nxf6 30. Rhg1 Ne4 31. Rc2 Ra5 32. Rgc1 f5 33. Nd4 fxg4 34. Nxc6 Raa8 35. Ne7+ Kh7 36. c6 Nxf2 37. c7 Nd3 38. Rg1 g3 39. Kb1 Nb4 40. Rcg2 g5 41. hxg6+ Kg7 42. c8Q Raxc8 43. Nxc8 Rxc8 44. Rxg3 Rc2 45. R3g2 Rc3 46. Rg4 Nd3 47. Ra4 Rc7 48. Rxa3 h5 49. Ra6 h4 50. Ra4 Ne5 51. Rxh4 Kg8 52. g7 Nf7 53. Rf4 Re7 54. Rg3 Rc7 55. Kb2 Ra7 56. b4 Rb7 57. Kb3 Ra7 58. a4 Rb7 59. b5 Ra7 60. Kb4 d4 61. Rxf7 Rxf7 62. exd4 1-0

[Event "Berlin op 10"]
[Site "Berlin"]
[Date "2005.10.27"]
[Round "3"]
[White "Budt, Matthias"]
[Black "Lawatsch, Michael"]
[Result "1-0"]
[WhiteElo "2038"]
[BlackElo "1820"]
[PlyCount "69"]
[EventDate "2005.10.13"]
[EventType "swiss"]
[EventRounds "7"]
[EventCountry "GER"]
[SourceTitle "EXT 2007"]
[Source "ChessBase"]
[SourceDate "2006.11.23"]
[SourceVersion "1"]
[SourceVersionDate "2006.11.23"]
[SourceQuality "1"]

1. d4 Nf6 2. Nf3 e6 3. c4 d5 4. Bg5 Nbd7 5. e3 c6 6. Nc3 Qa5 7. cxd5 exd5 8. a3 Ne4 9. Rc1 Nxg5 10. Nxg5 Nf6 11. Bd3 h6 12. Nf3 Bd6 13. 0-0 0-0 14. h3 Be6 15. Ne5 Qd8 16. f4 Re8 17. Bb1 Nh7 18. Qd3 f5 19. g4 Rf8 20. Rf3 Rf6 21. Rg3 Bxe5 22. fxe5 Rg6 23. Ne2 Qh4 24. Kg2 Nf8 25. gxf5 Rxg3+ 26. Nxg3 Bf7 27. Rf1 Nh7 28. Rf4 Qd8 29. f6 Nf8 30. Rg4 g5 31. Nf5 Qd7 32. Nxh6+ Kh8 33. Nxf7+ Qxf7 34. Rxg5 Ne6 35. Rg7 1-0

[Event "Berlin tt 0001"]
[Site "Berlin"]
[Date "2001.05.06"]
[Round "9.5"]
[White "Budt, Matthias"]
[Black "Eisentraeger, Dieter"]
[Result "1/2-1/2"]
[WhiteElo "2050"]
[BlackElo "2106"]
[PlyCount "71"]
[EventDate "2000.10.22"]
[EventType "team-tourn"]
[EventRounds "11"]
[EventCountry "GER"]
[SourceTitle "EXT 2007"]
[Source "ChessBase"]
[SourceDate "2006.11.23"]
[SourceVersion "1"]
[SourceVersionDate "2006.11.23"]
[SourceQuality "1"]

1. c4 f5 2. g3 Nf6 3. Bg2 e6 4. Nf3 Be7 5. 0-0 0-0 6. b3 d5 7. Bb2 b6 8. d4 Bb7 9. Ne5 Nbd7 10. Nd3 Qe8 11. Nd2 Ne4 12. Nf3 Bf6 13. Rc1 Rc8 14. Nfe5 Nxe5 15. Nxe5 c6 16. Ba3 Be7 17. Bxe7 Qxe7 18. f4 Nd6 19. c5 Nf7 20. Nxf7 Rxf7 21. Qd2 Qc7 22. Rf3 Ra8 23. Re3 Re7 24. a4 Ba6 25. Bh3 b5 26. Ra1 Rb8 27. axb5 Bxb5 28. Qa5 Qxa5 29. Rxa5 Kf7 30. Kf2 h5 31. Bg2 Kf6 32. h3 Reb7 33. Bf3 g6 34. g4 hxg4 35. hxg4 Ra8 36. g5+ 1/2-1/2

[Event "Berlin tt 0001"]
[Site "Berlin"]
[Date "2001.03.18"]
[Round "7.6"]
[White "Barwich, Alfred"]
[Black "Budt, Matthias"]
[Result "0-1"]
[WhiteElo "2045"]
[BlackElo "2050"]
[PlyCount "71"]
[EventDate "2000.10.22"]
[EventType "team-tourn"]
[EventRounds "11"]
[EventCountry "GER"]
[SourceTitle "EXT 2007"]
[Source "ChessBase"]
[SourceDate "2006.11.23"]
[SourceVersion "1"]
[SourceVersionDate "2006.11.23"]
[SourceQuality "1"]

1. d4 Nf6 2. c4 e6 3. Nc3 Bb4 4. Qc2 c5 5. e3 cxd4 6. exd4 d5 7. Nf3 Nc6 8. a3 Be7 9. cxd5 exd5 10. Be2 Bg4 11. Be3 0-0 12. 0-0 Rc8 13. Rac1 Na5 14. h3 Bh5 15. Ne5 Bxe2 16. Qxe2 Nc4 17. Bg5 Re8 18. Nxc4 dxc4 19. Qf3 Qd7 20. Rcd1 Nd5 21. Bxe7 Nxc3 22. Qxc3 Rxe7 23. Rfe1 Rxe1+ 24. Rxe1 b5 25. Rd1 Qd6 26. Qf3 a6 27. d5 g6 28. h4 h5 29. Qc3 Re8 30. Rd4 Re5 31. Qb4 Qxb4 32. axb4 Kf8 33. Kf1 Ke7 34. f4 Re3 35. Kf2 Rb3 36. d6+ 0-1